Peak Performance Through Habit Rewiring / (Record no. 614801)
[ view plain ]
| 000 -LEADER | |
|---|---|
| fixed length control field | 00571nam a22001937a 4500 |
| 003 - CONTROL NUMBER IDENTIFIER | |
| control field | NUST |
| 005 - DATE AND TIME OF LATEST TRANSACTION | |
| control field | 20250923113345.0 |
| 008 - FIXED-LENGTH DATA ELEMENTS--GENERAL INFORMATION | |
| fixed length control field | 250923b ||||| |||| 00| 0 eng d |
| 020 ## - INTERNATIONAL STANDARD BOOK NUMBER | |
| International Standard Book Number | 9786279459800 |
| 038 ## - RECORD CONTENT LICENSOR | |
| Staff Name | Malang jan |
| 082 ## - DEWEY DECIMAL CLASSIFICATION NUMBER | |
| Classification number | 658.6 |
| Author Mark | ZUB |
| 100 10 - MAIN ENTRY--PERSONAL NAME | |
| Personal name | Zubair Khan,Muhammad |
| 9 (RLIN) | 130617 |
| 245 10 - TITLE STATEMENT | |
| Title | Peak Performance Through Habit Rewiring / |
| Remainder of title | Muhammad Zubair Khan |
| 260 ## - PUBLICATION, DISTRIBUTION, ETC. | |
| Name of publisher, distributor, etc. | ZeeKay Solution; |
| Date of publication, distribution, etc. | 2024. |
| 300 ## - PHYSICAL DESCRIPTION | |
| Extent | 222p.: |
| Dimensions | 22cm. |
| 650 ## - SUBJECT ADDED ENTRY--TOPICAL TERM | |
| Topical term or geographic name entry element | Management |
| Form subdivision | Habits |
| 9 (RLIN) | 130618 |
| 942 ## - ADDED ENTRY ELEMENTS (KOHA) | |
| Source of classification or shelving scheme | |
| Koha item type | Book |
| Withdrawn status | Lost status | Source of classification or shelving scheme | Damaged status | Not for loan | Permanent Location | Current Location | Date acquired | Total Checkouts | Full call number | Barcode | Date last seen | Cost, replacement price | Price effective from | Koha item type |
|---|---|---|---|---|---|---|---|---|---|---|---|---|---|---|
| School of Art Design and Architecture (SADA) | School of Art Design and Architecture (SADA) | 09/22/2025 | 658.6 ZUB 2024 | SADAD0000488 | 09/23/2025 | 0.00 | 09/23/2025 | Book |
